00471nam a22001577a 450000500170000001000150001702000260003203500140005803700130007208200150008510000320010024500810013226000350021327000450024830000200029320170818164259.0 aENG-119655 a9789380755120c395.00 aEN-103187 bDBAD/PUB a954.520841 aRaychaudhury, Girijashankar a Sister Nivedita and the ideas of revolution/cby Girijashankar Raychaudhury aKolkatabAruna Prakashanc2011 a2, Kalidas Singha Lane,bKolkatae700009 a241p.c22cm(Hb)